| 000 | 01023nam a2200373 a 4500 | ||
|---|---|---|---|
| 003 | AR-BaBNM | ||
| 005 | 20251128205350.0 | ||
| 008 | 082120s2002 ||||||||||||||000 | spa|| | ||
| 020 | _a973-45-0092-9 | ||
| 040 | _cAR-BaBNM | ||
| 100 | 1 | _aTitulescu, Nicolae | |
| 245 | 0 | 0 |
_aRomania's foreign policy _b[1937] |
| 260 |
_aBucarest _bEncyclopaedic Publishing House _c1994 |
||
| 300 |
_a403 p. _bil., láms. |
||
| 500 | _aIndice de personajes p. 395-403. | ||
| 600 | 1 | 4 | _aTitulescu, Nicolae |
| 650 | 4 | _aHISTORIA ECONOMICA | |
| 650 | 4 | _aHISTORIA SOCIAL | |
| 650 | 4 | _aGUERRA | |
| 650 | 4 | _aHISTORIA MODERNA | |
| 650 | 4 | _aGUERRAS MUNDIALES | |
| 650 | 4 | _aNACIONES AGRESORAS | |
| 650 | 4 | _aHISTORIA DE LAS RELACIONES INTERNACIONALES | |
| 651 | 4 | _aRumania | |
| 651 | 4 | _aReino Unido | |
| 651 | 4 | _aFrancia | |
| 651 | 4 | _aEuropa | |
| 651 | 4 | _aEstados Unidos | |
| 651 | 4 | _aAmérica del Sur | |
| 700 | 1 |
_aPotra, George G. _eeditor |
|
| 700 | 1 |
_aTurcu, Constantin I. _eeditor |
|
| 942 | _cBK | ||
| 998 | _cmariana | ||
| 999 |
_c11111 _d11111 |
||